| 000 | 00630nam a2200181 i 4500 | ||
|---|---|---|---|
| 001 | 178971 | ||
| 003 | ES-MaACL | ||
| 005 | 20250701220538.0 | ||
| 008 | 110816s1903 fr |||| | fre d | ||
| 100 | 0 |
_aLanessan, Jean-Louis de. _9182990 |
|
| 245 | 1 | 3 |
_aLa lutte pour l'existence et l'évolution des sociétés / _cpar J.-L. de Lanessan. |
| 260 |
_aParis : _bFélix Alcan, _c1903. |
||
| 300 |
_a280 p. ; _c22 cm. |
||
| 490 | 1 |
_aBibliothèque générale des sciences sociales ; _v18 |
|
| 830 | 0 | 0 |
_aBibliothèque générale des sciences sociales _v18 _9187778 |
| 852 |
_aES-MaACL _jC-23098 |
||
| 999 |
_c178971 _d178971 |
||